Statistics for I Did Something Bad - Taylor Swift (All Lyrics)

Click here to take the quiz!

General Stats

  • This quiz has been taken 38 times
    (19 since last reset)
  • The average score is 535 of 565

Answer Stats

Lyrics% Correct
a
100%
and
100%
And
100%
(Bad),
100%
bad)
100%
(Bad)
100%
bad
100%
but
100%
But
100%
'cause
100%
'Cause
100%
comin',
100%
comin'
100%
did
100%
do
100%
don't
100%
"Don't
100%
ever
100%
feel
100%
feel,
100%
felt
100%
fun
100%
go
100%
good
100%
(Good),
100%
good?
100%
(Good)
100%
good)
100%
good,
100%
had
100%
had)
100%
him
100%
I
100%
if
100%
If
100%
(It
100%
it
100%
It
100%
just
100%
love
100%
me
100%
Most
100%
(Most
100%
never
100%
nothin'
100%
oh,
100%
Oh,
100%
(Oh)
100%
on
100%
over
100%
say
100%
So
100%
(So
100%
so
100%
somethin'
100%
ta
100%
the
100%
Then
100%
then
100%
They
100%
(They
100%
they
100%
trust
100%
Why's
100%
why's
100%
again
94%
all
94%
could
94%
easy
94%
flames
94%
He
94%
he
94%
I'd
94%
is
94%
like
94%
make
94%
my
94%
narcissist,
94%
one
94%
owe
94%
skin
94%
think
94%
This
94%
about
88%
bit
88%
can
88%
Crimson
88%
'em
88%
even
88%
for
88%
how
88%
lips
88%
look,
88%
man
88%
paint
88%
play
88%
playboy,
88%
Ra
88%
red
88%
regret
88%
see
88%
shit,
88%
talks
88%
tell
88%
them
88%
them,
88%
thing"
88%
up,
88%
up
88%
up),
88%
up)
88%
violin
88%
what
88%
works
88%
world
88%
ahead
81%
aren't
81%
every
81%
got
81%
let
81%
lie
81%
name,
81%
Now
81%
thinks
81%
three
81%
you
81%
You
81%
away
75%
burning
75%
drops
75%
fly
75%
get
75%
light
75%
(Light
75%
Light
75%
next
75%
proof,
75%
reasons
75%
saved
75%
They're
75%
witches,
75%
around
69%
before
69%
leave
69%
pitchforks
69%
says,
69%
spends
69%
throw
69%
change,
63%
gotta
63%
left
63%
receipts
63%
their
56%
da)
44%
(Da
44%
da
44%
da,
44%
Da
44%

Score Distribution

Percentile by Number Answered

Percent of People with Each Score

Your Score History

You have not taken this quiz since the last reset